| 000 | 01135nam a22003257a 4500 | ||
|---|---|---|---|
| 003 | CHAP | ||
| 005 | 20220329140009.0 | ||
| 008 | 971013s1975 r 00010 d | ||
| 010 | _a45254 | ||
| 011 | _a46226 | ||
| 035 | _a50367 | ||
| 040 | _cCHAP | ||
| 082 |
_a339.42 _bU5 |
||
| 110 |
_aUniversidad Veracruzana. Instituto de Investigaciones y Estudios Superiores Económicos y Sociales _9116587 |
||
| 245 | _aEncuesta sobre ingresos y gastos de las familias del Estado de Veracruz | ||
| 260 |
_aJalapa, Ver. : _bEl Instituto, _c1975 |
||
| 300 | _a110 p. | ||
| 490 | _aSerie estadística | ||
| 590 |
_aBATCH-UPD _b10 _c20130109 _lUCH01 _h2313 |
||
| 590 |
_aBATCH-UPD _b10 _c20130110 _lUCH01 _h2031 |
||
| 590 |
_aBATCH-UPD _b10 _c20130410 _lUCH01 _h1348 |
||
| 590 |
_aBATCH-UPD _b10 _c20130914 _lUCH01 _h1053 |
||
| 590 |
_aCONVERSION _b10 _c20130109 _lUCH01 _h1325 |
||
| 650 | 1 | 4 |
_aCostos y nivel de vida _xVeracruz. _928547 |
| 650 | 1 | 4 |
_aVeracruz _xCondiciones económicas. _9118807 |
| 830 | 0 |
_aSerie estadística _9104859 |
|
| 901 | _aBK | ||
| 942 | _cLIBRO | ||
| 949 |
_a339.42 U5 _bBC _cLIBRO _d33724000380432 _eLIBRO _h43526 _i50367 _mD _si |
||
| 999 |
_c45254 _d45254 |
||